Luật quy hoạch những vấn đề cần thiết trong công tác quản lý quy hoạch về xây dựng, đô thị, đất đai, môi trường, thủy lợi, nông thôn mới và quy hoạch rừng

Bewaard in:
Bibliografische gegevens
Hoofdauteur: Tiến Phát
Andere auteurs: Tiến Đạt
Formaat: Boek
Gepubliceerd in: Hà Nội Lao động 2018
Onderwerpen:
Tags: Voeg label toe
Geen labels, Wees de eerste die dit record labelt!
Thư viện lưu trữ: Trung tâm Học liệu Lê Vũ Hùng, Trường Đại học Đồng Tháp
LEADER 00942pam a22002418a 4500
001 00041235
005 20180409080439.0
008 110423s2000 ||||||Viesd
020 # # |a 978 604 59 9045 2  |c 350000 
041 0 # |a Vie 
082 1 4 |a 346.597 04  |b L504QU 
100 1 # |a Tiến Phát 
245 0 0 |c Tiến Phát; Tiến Đạt  |a Luật quy hoạch những vấn đề cần thiết trong công tác quản lý quy hoạch về xây dựng, đô thị, đất đai, môi trường, thủy lợi, nông thôn mới và quy hoạch rừng 
260 # # |a Hà Nội  |b Lao động  |c 2018 
300 # # |a 391 tr.  |c 28 cm. 
653 # # |a Pháp luật 
653 # # |a Quy hoạch 
653 # # |a Việt Nam 
653 # # |a Đất đai 
700 1 # |a Tiến Đạt 
852 # # |j KD.0023325 
910 |d 09/04/2018 
980 # # |a Trung tâm Học liệu Lê Vũ Hùng, Trường Đại học Đồng Tháp